| 000 | 00374 a2200169 4500 | ||
|---|---|---|---|
| 001 | 168953 | ||
| 020 | _a85-08-07683-5 | ||
| 040 | _cMagnum | ||
| 100 | _aColasanti, Marina | ||
| 240 | 1 | 0 |
_aPenélope manda lembranças _lpor |
| 245 | 1 | 0 | _aPenélope manda lembranças |
| 300 | _a110 | ||
| 362 | 0 | _a2002 | |
| 440 | 1 | _aÁtica | |
| 697 | _aLITERATURA JUVENIL | ||
| 942 | _cBK | ||
| 999 |
_c168953 _d168953 |
||